|
|
|
|
| LEADER |
00000nam a2200000 i 4500 |
| 001 |
DIGKATZ0012 |
| 003 |
NyNyDIG |
| 008 |
200422s2014 ag acfg ob 000 0 spa d |
| 006 |
m o d |
| 007 |
cr ||||||||||| |
| 035 |
|
|
|a (OCoLC)1111088579
|
| 040 |
|
|
|a DGITA
|b eng
|e rda
|e pn
|c DGITA
|
| 020 |
|
|
|a 9788415917106
|q eBook
|
| 020 |
|
|
|a 8415917104
|q eBook
|
| 020 |
|
|
|z 9789871566891
|q Argentina
|
| 020 |
|
|
|z 9871566891
|q Argentina
|
| 020 |
|
|
|z 9788415917106
|q España
|
| 020 |
|
|
|z 8415917104
|q España
|
| 044 |
|
|
|a ag
|a sp
|
| 050 |
1 |
4 |
|a HV6322.7 ebook
|
| 082 |
0 |
4 |
|a 364.151
|
| 100 |
1 |
|
|a Burucúa, José E.,
|e author.
|
| 245 |
1 |
0 |
|a "Cómo sucedieron estas cosas" :
|b representar masacres y genocidios /
|c José Emilio Burucúa y Nicolás Kwiatkowski.
|
| 246 |
3 |
0 |
|a Representar masacres y genocidios
|
| 264 |
|
1 |
|a Buenos Aires ;
|a Madrid :
|b Katz,
|c [2014]
|
| 300 |
|
|
|a 1 online resource :
|b illustrations, portraits, music, facsimiles.
|
| 336 |
|
|
|a text
|b txt
|2 rdacontent
|
| 337 |
|
|
|a computer
|b c
|2 rdamedia
|
| 338 |
|
|
|a online resource
|b cr
|2 rdacarrier
|
| 347 |
|
|
|a text file
|2 rdaft
|
| 347 |
|
|
|b PDF
|
| 490 |
1 |
|
|a Conocimiento ;
|v 3083
|
| 504 |
|
|
|a Includes bibliographical references.
|
| 505 |
0 |
|
|a Problemas teóricos e historiográficos -- La fórmula cinegética -- La fórmula del martirio -- La fórmula infernal -- Siluetas, máscaras, réplicas, fantasmas, sombras : la multiplicación del Doppelgänger -- Coda.
|
| 588 |
0 |
|
|a Online resource; title from PDF title page (Digitalia, viewed April 25, 2020)
|
| 650 |
|
0 |
|a Genocide in art.
|
| 650 |
|
0 |
|a Massacres.
|
| 650 |
|
0 |
|a Violence in art.
|
| 655 |
|
0 |
|a Electronic books.
|
| 700 |
1 |
|
|a Kwiatkowski, Nicolás,
|d 1977-
|e author.
|
| 791 |
2 |
|
|a Digitalia (Firm),
|e distributor.
|
| 793 |
0 |
|
|g Digitalia eBook Collection:
|a Katz Editores
|
| 776 |
0 |
8 |
|i Print version:
|a Burucúa, José E.
|t "Cómo sucedieron estas cosas".
|b Primera edición.
|d Buenos Aires ; Madrid : Katz, 2014
|z 9789871566891
|w (DLC) 2015529270
|w (OCoLC)994008089
|
| 830 |
|
0 |
|a Conocimiento (Buenos Aires, Argentina) ;
|v 3087.
|
| 856 |
4 |
0 |
|3 Digitalia Hispánica
|u https://www.digitaliapublishing.com/a/61545/
|
| 910 |
|
|
|a Premium collection: 2020
|